000 00545nam a2200193 a 4500
001 37293
005 20180714010157.0
008 140415s1994 000 0 spa d
020 _a9706250794
041 _aspa
082 _a658.008
_bROV
100 1 _aROVILLARD, LARRIE
245 1 0 _aCOMO ESTABLECER Y ALCANZAR METAS Y OBJETIVOS
260 _a[s.l.] :
_bGRUPO EDITORIAL IBEROAMERICA,
_c1994
300 _a83
490 _aSERIE CINCUENTA MINUTOS
650 1 4 _aADMINISTRACION
_xEXITO
700 1 _aSCHLITTLER, JAIME
_etr.
999 _c37293
_d37293